000 00640nam a2200181Ia 4500
008 151018s9999 xx 000 0 und d
082 _bRBASDV16309
_a891.462
100 _aप्रकाश भाटकर
245 _aकथा गुंफली अश्रूंची
250 _b1
260 _bललित नाट्य प्रकाशन
300 _a88
600 _aप्रकाश भाटकर
630 _aकथा गुंफली अश्रूंची
700 _aप्रकाश भाटकर
730 _aकथा गुंफली अश्रूंची
942 _cBOOK
999 _c1017024
_d1017021